000 00420nam a2200121 4500
008 010211u2001 mu eng
022 _a10475141
100 0 _aJames Nuechterlein
245 1 0 _aFirst Things /
_cJames Nuechterlein
260 _a156 Fifth Ave., Suite 400, New York NY 10010 :
_bThe Institute on Religion and Public Life,
_c2001
440 0 _aFirst Things
951 _pSRS000000000076
_j070613110955375
_d2000-12-21
999 _c3638
_d3638